Still going green? (Record no. 84728)

MARC details
000 -LEADER
fixed length control field 01081cab a22002295a 4500
001 - CONTROL NUMBER
control field L158908
008 - FIXED-LENGTH DATA ELEMENTS--GENERAL INFORMATION
fixed length control field 150923e20150822xxk 000 0 eng d
035 ## - SYSTEM CONTROL NUMBER
System control number (Sirsi) u158908
041 0# - LANGUAGE CODE
Language code of text/sound track or separate title eng
100 1# - MAIN ENTRY--PERSONAL NAME
Personal name Patrick, J.
245 00 - TITLE STATEMENT
Title Still going green?
260 ## - PUBLICATION, DISTRIBUTION, ETC.
Date of publication, distribution, etc. 2015
490 ## - SERIES STATEMENT
Series statement Estates Gazette
Volume/sequential designation (1534) 29 August 2015, 50-52(3)
520 ## - SUMMARY, ETC.
Summary, etc. Reports on a round table discussion in March 2015 where current industry and policy views were sought on the use of green leases in the UK. The discussion highlighted a number of key themes and issues including the development of Minimum Energy Efficiency Standards (MEES) and the impact of these developments on both the landlord-tenant relationship and environmental practices in commercial buildings. MEES will be introduced from April 2018 and is regarded as a very significant development which has already had a noticeable impact on the sector.
590 ## - LOCAL NOTE (RLIN)
Local note KA
651 #4 - SUBJECT ADDED ENTRY--GEOGRAPHIC NAME
Geographic name United Kingdom
690 ## - LOCAL SUBJECT ADDED ENTRY--TOPICAL TERM (OCLC, RLIN)
Topical term or geographic name as entry element Energy
9 (RLIN) 6237
690 ## - LOCAL SUBJECT ADDED ENTRY--TOPICAL TERM (OCLC, RLIN)
Topical term or geographic name as entry element Environment
9 (RLIN) 6238
700 1# - ADDED ENTRY--PERSONAL NAME
Personal name Bright, S.
700 1# - ADDED ENTRY--PERSONAL NAME
Personal name Jaksch, C.
942 ## - ADDED ENTRY ELEMENTS (KOHA)
Suppress in OPAC 0
Holdings
Withdrawn status Lost status Source of classification or shelving scheme Damaged status Not for loan Home library Current library Shelving location Date acquired Total Checkouts Full call number Barcode Date last seen Copy number Price effective from Koha item type
    Dewey Decimal Classification     London London Journal article 23/09/2015   L158908 158908-1001 06/08/2019 1 06/08/2019 Journal article